Gares des Landes - Statistiques

Statistiques générales
  • Ce quiz a été pris 173 fois
    163 depuis la dernière actualisation
  • Le résultat moyen est 6 sur 15
Statistiques - réponses
Nombre de voyageurs Gares % Correct
1 262 676 Dax
96%
481 273 Mont de Marsan
88%
265 157 Morcenx
82%
241 982 Saint Vincent de Tyrosse
55%
219 131 Ychoux
54%
62 827 Labenne
50%
115 897 Labouheyre
48%
39 856 Peyrehorade
38%
21 477 Ondres
31%
43 728 Ygos
27%
12 950 Saubusse
22%
4 233 Arengosse
15%
77 123 Saint Martin d'Oney
15%
14 459 Saint Geours de Maremme
6%
33 864 Bénesse Maremme
5%
Aucun quiz correspondant
Distribution des résultats
% des personnes avec chaque résultat
Percentile par nombre de réponses
Votre historique - résultats
Vous n’avez pas pris ce quiz depuis la dernière actualisation